000 00555nam a2200205Ia 4500
005 20250508164023.0
008 008 250505s9999 xx 000 0 hin d
020 _a81-86803-67-X
037 _aTextual
040 _aFEDL
_beng
_cFEDL
041 _ahin
_2eng
084 _a181.4, JAT
_qFEDL
100 _aJatav
245 0 _aBhartiya darshan
260 _aJaipur, India
_bNational Publishing House
_c2000
300 _aviii,320p.
650 _aOriental Philosophy
_9755543
942 _cTEXL
_h181.4, JAT
999 _c1386615
_d1386615